| 000 | 00839nam a2200205 i 4500 | ||
|---|---|---|---|
| 001 | 111264 | ||
| 003 | ES-MaACL | ||
| 005 | 20230906185255.0 | ||
| 007 | t| | ||
| 008 | 061121s1978 sp r ||||1| spa d | ||
| 100 | 1 |
_aOliva, César. _986726 |
|
| 245 | 1 | 0 |
_aCuatro dramaturgos `realistas` en la escena de hoy _b: sus contradiciones estéticas ( Carlos Muñiz, Lauro Olmo, Rodríguez Méndez y Martín Recuerda) / _cCésar Oliva. |
| 260 |
_aMurcia : _bUniversidad, _c1978. |
||
| 300 |
_a172 p. ; _c22 cm. |
||
| 490 | 1 | _aPublicaciones del Departamento de Literatura Española, Universidad de Murcia | |
| 650 | 4 |
_aTeatro español- _yS.XX- _xHistoria y crítica. _917361 |
|
| 830 | 0 |
_aPublicaciones del Departamento de Literatura Española, Universidad de Murcia _9233057 |
|
| 852 |
_aES-MaACL _jA-9069 _bR.98178 |
||
| 999 |
_c111264 _d111264 |
||